000
00318nam a22001217a 4500
008
181012b xxu||||| |||| 00| 0 eng d
041
_a
eng
080
_a
617
100
_a
8
101
_a
ORT
245
_a
The Story of Orthopaedics and the Care of the Crippled Child in South Africa
_c
Dommisse, G.F
942
_2
udc
_c
BK
999
_c
49509
_d
49509